000 01072nam0a22002651 4500
001 rc\2727094
005 20250809113244.0
035 _a(NLR Aleph) 006854542
090 _a8288
_c8288
100 _a20110915d1943 u y0rusy50 ca
101 0 _arus
102 _aAZ
105 _ay z |||||
200 1 _aПамятка секретарю президиума и комсоргу ротной комсомольской организации
_fГл. полит. упр. Кр. Армии
210 _aБаку
_cИзд-во дет. и юношеской литературы
_d1943
215 _a12 с.
_d13 см.
712 0 1 _aСССР
_bГлавное политическое управление Советской Армии
_3RU\NLR\AUTH\8810020322
_4570
801 0 _aRU
_bNLR
_gpsbo
801 1 _aRU
_bELAR
_2rusmarc
852 _aNLR
_j69-1/1012
942 _cBOOK
945 _aРоссийская национальная библиотека
_aНациональная библиотека Азербайджана
980 _aNB
980 _aBV